000 00504nam a2200193Ia 4500
003 OSt
005 20221007082747.0
006 a|||||r|||| 00| 0
007 ta
008 221006b |||||||| |||| 00| 0 eng d
024 _a23,469
037 _cDissertations
040 _aFLL
_cFLL
_beng
041 _2eng
_aeng
100 _aSitaula Tara Bahadur
_9566249
245 0 _aLifting the corporate veil
_b an overview.
942 _cDIS
_2CC
999 _c1167646
_d1167646